| 000 | 00495nam a2200193Ia 4500 | ||
|---|---|---|---|
| 008 | 170918s9999 xx 000 0 und d | ||
| 020 | _a7201974 | ||
| 050 | _bA432zo 2005 | ||
| 100 | _aAllende, Isabel | ||
| 245 | _aZorro : | ||
| 245 | _bthe novel / | ||
| 245 | _cby Isabel Allende ; translated from the Spanish by Margaret Sayers Peden. | ||
| 260 | _aLondon : | ||
| 260 | _bFourth Estate, | ||
| 260 | _c2005 | ||
| 300 | _a390 pages : | ||
| 300 | _billustrations ; | ||
| 300 | _c23cm. | ||
| 999 |
_c343611 _d343611 |
||